000
00354nam a2200157Ia 4500
999
_c
9544
_d
9544
003
OSt
005
20190403214853.0
008
160427s9999 xx 000 0 und d
040
_c
LIRC
082
_a
604.2 NII
100
_a
NIIT
245
_a
Modeling for engineering graphics
260
_b
NIIT Ltd.
_a
New Delhi
300
_a
6.32 p.
942
_2
ddc
_c
BK